01361nam a2200373 i 450000100060000000300090000600500170001500800390003201500170007103500210008804000410010904600090015008000080015908000120016710000400017924500570021926000550027630000430033133600270037433700540040133800280045538000160048338000270049938800140052638800140054050400430055452101490059765000200074665500300076665800110079670000420080771000400084985600980088915506KOSZ 00520200630111110.0200418s1973 pl a f f 001 0 pol aPB 1973/4028 a(OCoLC)749366918 aWA NcWA NdKOSZ 005/ECdKOSZ 005/RW k1973 a544 a(075.8)1 aTomassi, Witoldd(1912-1997)eAutor10aChemia fizyczna /cWitold Tomassi, Helena Jankowska. aWarszawa :bWydawnictwa Naukowo-Techniczne,c1973. a514, [2] stron :bilustracje ;c25 cm. aTekstbtxt2rdacontent aBez urządzenia pośredniczącegobn2rdamedia aWoluminbnc2rdacarrier aKsiążki aPublikacje dydaktyczne a1901-2000 a1945-1989 aBibliografia na stronie [504]. Indeks.8 aKsiążka jest podręcznikiem akademickim przeznaczonym przede wszystkim dla studentów wydziałów chemii wyższych uczelni technicznych. 7aChemia fizyczna 7aPodręczniki akademickie aChemia1 aJankowska, Helenad(1931-1999)eAutor2 aWydawnictwa Naukowo-Techniczne4pbl uhttp://koha.tu.koszalin.pl/cgi-bin/koha/opac-detail.pl?biblionumber=15506yKatalog online BPK